Příběhy z pražské zoologické zahrady

Bibliographic Details
Main Author: Felix, Jiří (Author)
Format: Book
Language:Undetermined
Published: Praha Státní nakl. dětské knihy 1955
Edition:1. vyd.

MARC

LEADER 00000nam a2200000 a 4500
001 vtls001479928
003 SK-MaSNL
005 20260301104518.0
008 240318s1955 xx 0 und
035 |a SNK000435226 
040 |a SNK  |b slo  |c SNK  |e AACR2 
100 1 |a Felix, Jiří  |4 aut  |9 289599 
245 1 0 |a Příběhy z pražské zoologické zahrady 
250 |a 1. vyd. 
260 |a Praha  |b Státní nakl. dětské knihy  |c 1955 
300 |a 85 s. 
999 |c 698321  |d 700251 
952 |t P60, <04>, [BOOK], {604}  |a SNK  |b SNK  |y VYP  |7 0  |p 17A0436190  |o snkIC 13365  |i snk8145/55  |0 0  |1 0  |4 0  |d 2004-08-11  |l 0  |r 2005-01-02 00:00:00  |w 2026-02-23